Engineering mechanics

Guardat en:
Dades bibliogràfiques
Autor principal: HIBBELER, R. C.
Format: Llibre
Idioma:anglès
Publicat: HARLOW 2017
Etiquetes: Afegir etiqueta
Sense etiquetes, Sigues el primer a etiquetar aquest registre!

MARC

LEADER 00000nam a22000007a 4500
008 201210b ||||| |||| 00| 0 eng d
020 |a 978-1-292-08923-2 
100 |a HIBBELER, R. C. 
245 |a Engineering mechanics  |c R.C. Hibbeler 
250 |b 14 
260 |b HARLOW  |c 2017  |h England  |i 691526-Tech., 691527   |l TA350 .H52  |m  Mechanics, Applied – Textbooks 
942 |a lcc  |c BK  |e Mr Ogunleye 
952 |0 0  |1 0  |2 lcc  |4 0  |6 TA0350 H52  |7 0  |9 352  |a HOL  |b HOL  |d 2020-12-10  |l 0  |o TA350 .H52  |p 2020-2087  |r 2020-12-10 00:00:00  |w 2020-12-10  |y BK 
952 |0 0  |1 0  |2 lcc  |4 0  |6 TA0350 H52  |7 0  |9 353  |a HOL  |b TL  |d 2020-12-10  |l 0  |o TA350 .H52  |p 2020-2088  |r 2020-12-10 00:00:00  |w 2020-12-10  |y BK 
999 |c 168  |d 168